Theory of electricity and magnetism (Record no. 7616)

MARC details
000 -LEADER
fixed length control field 00708nam a2200217Ia 4500
003 - CONTROL NUMBER IDENTIFIER
control field IN-BaIIA
008 - FIXED-LENGTH DATA ELEMENTS--GENERAL INFORMATION
fixed length control field 211028s9999 xx 000 0 eng d
040 ## - CATALOGING SOURCE
Transcribing agency IIA Library
080 ## - UNIVERSAL DECIMAL CLASSIFICATION NUMBER
Universal Decimal Classification number 538
Item number PLA
100 ## - MAIN ENTRY--PERSONAL NAME
Personal name Planck, Max
9 (RLIN) 1927
245 #0 - TITLE STATEMENT
Title Theory of electricity and magnetism
Remainder of title vol. III, introduction to theoretical physics
Statement of responsibility, etc. Max Planck; translated by Henry L. Brose
260 ## - PUBLICATION, DISTRIBUTION, ETC.
Place of publication, distribution, etc. London
Name of publisher, distributor, etc. Macmillan
Date of publication, distribution, etc. 1932
300 ## - PHYSICAL DESCRIPTION
Extent xii, 247p.
500 ## - GENERAL NOTE
General note Donated by Mrs. Bappu
650 ## - SUBJECT ADDED ENTRY--TOPICAL TERM
Topical term or geographic name entry element Electricity
9 (RLIN) 527
650 ## - SUBJECT ADDED ENTRY--TOPICAL TERM
Topical term or geographic name entry element Electromagnetism
9 (RLIN) 540
650 ## - SUBJECT ADDED ENTRY--TOPICAL TERM
Topical term or geographic name entry element Magnetism
9 (RLIN) 56
650 ## - SUBJECT ADDED ENTRY--TOPICAL TERM
Topical term or geographic name entry element NASA Thesaurus
700 ## - ADDED ENTRY--PERSONAL NAME
Personal name Brose, Henry L., tr.
9 (RLIN) 12886
942 ## - ADDED ENTRY ELEMENTS (KOHA)
Koha item type Books
Holdings
Withdrawn status Lost status Damaged status Not for loan Home library Current library Shelving location Date acquired Total Checkouts Full call number Barcode Date last seen Price effective from Koha item type
        IIA Library-Bangalore IIA Library-Bangalore General Stacks 21/07/1983   538/ PLA 8430 05/11/2021 21/07/1983 Books

Powered by Koha